书目信息 |
| 题名: |
经济译丛
|
|
| 作者: | ;经济译丛编辑小组 编 | |
| 分册: | 第七辑 | |
| 出版信息: | 北京 商务印书馆 1978 |
|
| 页数: | 337页 | |
| 开本: | 19cm | |
| 丛书名: | ||
| 单 册: | ||
| 中图分类: | F512.5 | |
| 科图分类: | ||
| 主题词: | 世界经济--译丛 , 交通运输经济--概况--世界 | |
| 电子资源: | ||
| ISBN: | ||
| 000 | 00662nam2 2200241 45 | |
| 001 | 0178005824 | |
| 005 | 20060718084701.26 | |
| 010 | @dCNY0.84 | |
| 091 | @aCN@b4017.181 | |
| 100 | @a19950717d1978 em y0chiy0121 ea | |
| 101 | 0 | @achi |
| 102 | @aCN@b110000 | |
| 105 | @ay z 000yy | |
| 200 | 10 | @a经济译丛@Ajing ji yi cong@h第七辑@f经济译丛编辑小组编 |
| 210 | @a北京@c商务印书馆@d1978 | |
| 215 | @a337页@d19cm | |
| 300 | @a内部发行 | |
| 606 | @a世界经济@x译丛 | |
| 606 | 0 | @a交通运输经济@x概况@x世界 |
| 690 | @aF512.5@v3 | |
| 711 | 02 | @a经济译丛编辑小组@Ajing ji yi cong bian ji xiao zu@4编 |
| 801 | 0 | @aCN@bTSSF@c20060718 |
| 905 | @a10447@dF512.5@e1:7 | |
| 经济译丛.第七辑/经济译丛编辑小组编.-北京:商务印书馆,1978 |
| 337页;19cm |
| 内部发行 |
| ISBN :CNY0.84 |
| ● |
| 相关链接 |
|
|
|
|
正题名:经济译丛
索取号:F512.5/1:7
 
预约/预借
| 序号 | 登录号 | 条形码 | 馆藏地/架位号 | 状态 | 备注 |
| 1 | 0424211 | 204242113 | 密集书库/ [索取号:F512.5/1:7] | 在馆 |